000 00967nam a2200193Ia 4500
003 OSt
005 20210603140618.0
008 210310s2003 eu gr 000 0 spa d
040 _aCO-JMCR
_cCO-JMCR
041 0 _aspa
082 0 4 _a333.715 /
_bB213h
_223
110 2 _aBanco Interamericano de Desarrollo
_96750
245 1 0 _aHacia un desarrollo sostenible y equitativo :
_bestrategias sectoriales para américa Latina y el Caribe /
_cBanco Interamericano de Desarrollo
260 _aWashington :
_bBanco Interamericano de Desarrollo,
_c2003
300 _a314 páginas :
_bilustraciones y gráficas a color ;
_c28 cm.
505 0 _aHacia un desarrollo sostenido y equitativo -- Crecimiento económico sustentable -- Reducción de la pobreza y promoción de la equidad social -- Modernización del Estado -- Desarrollo social -- Competitividad -- Integración regional -- Medio ambiente
650 1 4 _aDesarrollo sostenible
_915887
_zAmérica Latina
942 _2ddc
_cBK
999 _c7943
_d7943